000 00553nam a22001937a 4500
003 OSt
005 20170301182116.0
008 170301b xxu||||| |||| 00| 0 eng d
020 _a0521782384
040 _cDDC.
082 _a577.2GEO 2001.
100 _aEdited by Bengtsson,Lennart.O;Hammer,U.Claus;
_911727
245 _aGeosphere-Biosphere Interactions and Climate.
260 _aCambridge,
_bCambridge University Press.
_c2001.
300 _axvi,302p;
_bill:
_c26cm
504 _aincludes index.
650 _aPhysics,
_9809
942 _2ddc
_cO_SHELF
999 _c5617
_d5617